| 000 | 00917nam a22003017a 4500 | ||
|---|---|---|---|
| 003 | CHAP | ||
| 005 | 20220329143650.0 | ||
| 008 | 101130s1970 us r 00010 eng d | ||
| 010 | _a100009 | ||
| 011 | _a100981 | ||
| 035 | _a111667 | ||
| 040 | _cCHAP | ||
| 090 | _aFolleto 17858 | ||
| 100 | 1 |
_aHickel Walter J. _955147 |
|
| 245 | 1 | 0 |
_aWater pollution control act _c/por Walter J. Hickel |
| 260 |
_a[Washington, DC] : _bU.S. Departament of the Interior, _c1970 |
||
| 300 | _a62 p. | ||
| 590 |
_aBATCH-UPD _b10 _c20130110 _lUCH01 _h1238 |
||
| 590 |
_aBATCH-UPD _b10 _c20130410 _lUCH01 _h0805 |
||
| 590 |
_aCONVERSION _b10 _c20130109 _lUCH01 _h1355 |
||
| 650 | 1 | 4 |
_aAgua _xCalidad. _92316 |
| 650 | 1 | 4 |
_aAgua _xContaminacion _xLeyes. _92356 |
| 650 | 1 | 4 |
_aAire _xContaminacion _xLeyes. _93145 |
| 901 | _aBK | ||
| 911 | _aen proceso | ||
| 942 | _cFOLL | ||
| 949 |
_aFolleto 17858 _bBC _cFOLL _d33724002127751 _eTS1 _i111667 _sb |
||
| 999 |
_c100009 _d100009 |
||